| 000 | 01891cad a22003135a 4500 | ||
|---|---|---|---|
| 001 | L159758 | ||
| 008 | 080924s2016 xxk f 000 0 eng d | ||
| 035 | _a(Sirsi) u159758 | ||
| 041 | 0 | _aeng | |
| 050 | 0 | 4 | _a333.73 $2 22 |
| 110 | 2 |
_aUNPRI (UN Principles for Responsible Investment) _96190 |
|
| 245 | 0 | 0 |
_aSustainable real estate investment _bImplementing the Paris Climate agreement _ban action framework _h[electronic resource] |
| 260 |
_bUNEPRI _c2016 |
||
| 505 | 2 | _aWhy integrate environmental, social, governance and climate risks into investment decisions? -- How to integrate environmental, social, governance and climate risks: An action framework -- Framework for action -- Asset Owners and Trustees and their Investment Advisors -- Direct Real Estate Investment Managers, Property Companies and their Real Estate Consultants -- Equities, Bonds and Debt investors and their Financial Advisors -- Appendices -- Bibliography | |
| 520 | _aThis framework is designed to help real estate investment stakeholders identify key drivers and overcome the most common barriers for action to integrate ESG and climate change risks into their decision making processes. It highlights the issue of climate risk and how this factors into reducing greenhouse gas emissions from property portfolios. | ||
| 590 | _aKA NTK | ||
| 650 | 2 | 4 | _aCLIMATE CHANGE |
| 650 | 2 | 4 | _aGREENHOUSE GAS EMISSIONS |
| 650 | 2 | 4 | _aPROPERTY |
| 651 | 4 | _aInternational | |
| 690 |
_aInvestments _96250 |
||
| 710 | 1 | _aInvestor Group on Climate Change | |
| 710 | 1 | _aInvestor Network on Climate Risk Ceres | |
| 710 | 1 | _aInstitutional Investors Group on Climate Change | |
| 710 | 1 |
_aUnited Nations Environment Programme _93690 |
|
| 710 | 1 |
_aRoyal Institution of Chartered Surveyors _94900 |
|
| 856 | 4 | 8 |
_uhttps://www.unpri.org/download_report/13715 _zView the item free of charge at www.unpri.org... |
| 942 | _n0 | ||
| 999 |
_c116103 _d116103 |
||